[Event "Quebec Montcalm op 6th"]
[Site "Quebec"]
[Date "2005.??.??"]
[Round "5"]
[White "Bender, Karl"]
[Black "Cummins, Paul"]
[Result "0-1"]
[WhiteElo "1575"]
[BlackElo "1643"]
[PlyCount "86"]
[EventDate "2005.??.??"]
[EventType "swiss"]
[EventRounds "5"]
[EventCountry "CAN"]
[SourceTitle "EXT 2007"]
[Source "ChessBase"]
[SourceDate "2006.11.23"]
[SourceVersion "1"]
[SourceVersionDate "2006.11.23"]
[SourceQuality "1"]

1. d4 d5 2. Nf3 c6 3. Nbd2 Nf6 4. c4 e6 5. e3 Nbd7 6. Bd3 dxc4 7. Nxc4 b5 8. Nce5 Bb7 9. e4 Qb6 10. Be3 Bb4+ 11. Kf1 Qc7 12. Rc1 a6 13. a3 Bd6 14. Nxc6 Bxc6 15. e5 Nd5 16. Be4 Qb7 17. Bxd5 Bxd5 18. exd6 Rc8 19. Rc5 Nxc5 20. dxc5 0-0 21. b4 Rfd8 22. h4 f6 23. Rh2 a5 24. Ne1 axb4 25. axb4 Qa6 26. g4 Ra8 27. g5 f5 28. Bd4 Rd7 29. Nf3 Rad8 30. Ne5 Bc4+ 31. Kg1 Rxd6 32. cxd6 Qxd6 33. Nf3 Bd5 34. Bc5 Qf4 35. Nd4 Ra8 36. Nxb5 Bf3 37. Qe1 Qg4+ 38. Kf1 Be2+ 39. Qxe2 Ra1+ 40. Qe1 Qc4+ 41. Kg2 Rxe1 42. Nd4 e5 43. Nf3 Qg4# 0-1